[Event "Africa-chT rapid 13th"]
[Site "Accra"]
[Date "2024.03.09"]
[Round "2.8"]
[White "Wafa, Shahenda"]
[Black "Yavo Tchetche, Marie"]
[Result "1-0"]
[WhiteElo "2083"]
[BlackElo "1659"]
[PlyCount "95"]
[EventDate "2024.03.09"]
[EventType "team-swiss (rapid)"]
[EventRounds "6"]
[EventCountry "GHA"]
[SourceTitle "CB11_2024"]
[SourceDate "2024.03.13"]
[SourceVersion "1"]
[SourceVersionDate "2024.03.13"]
[SourceQuality "1"]
[WhiteTeam "Egypt"]
[BlackTeam "Ivory Coast"]
[WhiteTeamCountry "EGY"]
[BlackTeamCountry "IVO"]

1. e4 e6 2. d4 d5 3. Nc3 dxe4 4. Nxe4 Nf6 5. Bg5 Be7 6. Bxf6 Bxf6 7. Nf3 Nd7 8. Bd3 a6 9. Qe2 b5 10. a4 b4 11. 0-0 0-0 12. c3 bxc3 13. bxc3 Bb7 14. Rab1 Bc6 15. a5 e5 16. Nxf6+ Qxf6 17. Nxe5 Nxe5 18. Qxe5 Qxe5 19. dxe5 Rfd8 20. Bc4 Bd5 21. Rb4 Bxc4 22. Rxc4 Rd5 23. f4 Rxa5 24. Rxc7 h6 25. Kf2 Ra2+ 26. Kf3 a5 27. Rb1 a4 28. Rbb7 Rf8 29. e6 a3 30. exf7+ Kh7 31. Ra7 Ra1 32. Kf2 Kg6 33. Rc6+ Kf5 34. Rc4 a2 35. Rca4 Rc1 36. Rxa2 Rxc3 37. g3 Rc6 38. Rb2 Rf6 39. Rb5+ Kg6 40. Rbb7 R6xf7 41. Rxf7 Rxf7 42. Rxf7 Kxf7 43. Ke3 Kf6 44. g4 g6 45. Ke4 Ke6 46. f5+ Kf6 47. Kf4 h5 48. g5+ 1-0

[Event "WchT (Women) Pool-A"]
[Site "Bydgoszcz"]
[Date "2023.09.07"]
[Round "4.1"]
[White "Wafa, Shahenda"]
[Black "Savina, Anastasia"]
[Result "0-1"]
[WhiteElo "2083"]
[BlackElo "2339"]
[PlyCount "86"]
[EventDate "2023.09.06"]
[EventType "team (rapid)"]
[EventRounds "5"]
[EventCountry "POL"]
[SourceTitle "EXT 2024"]
[Source "ChessBase"]
[SourceDate "2023.10.10"]
[SourceVersion "1"]
[SourceVersionDate "2023.10.10"]
[SourceQuality "1"]
[WhiteTeam "Egypt (W)"]
[BlackTeam "France (W)"]
[WhiteTeamCountry "EGY"]
[BlackTeamCountry "FRA"]

1. e4 c5 2. Nf3 Nc6 3. d4 cxd4 4. Nxd4 e5 5. Nb5 d6 6. N1c3 a6 7. Na3 Be6 8. Nd5 Nf6 9. Nxf6+ Qxf6 10. Be3 Qg6 11. f3 Rd8 12. c4 Be7 13. Nc2 f5 14. Qd3 fxe4 15. fxe4 0-0 16. 0-0-0 Rc8 17. b3 b5 18. Qd2 bxc4 19. Bxc4 Bxc4 20. bxc4 Qxe4 21. Qd5+ Qxd5 22. Rxd5 Kf7 23. Rhd1 Ke6 24. Kd2 Rb8 25. Kc3 Rfc8 26. Bf2 Rb7 27. Re1 Bd8 28. Re2 Ne7 29. Rd1 Ba5+ 30. Kd3 Nc6 31. Ke4 Nb4 32. c5 d5+ 33. Kf3 Rf7+ 34. Kg3 Nxc2 35. Rxc2 d4 36. Be1 Rf1 37. Re2 Rxe1 38. Rexe1 Bxe1+ 39. Rxe1 Rxc5 40. Re2 Kd5 41. Rb2 d3 42. Kf3 Kd4 43. Rb4+ Rc4 0-1

[Event "WchT (Women) Pool-A"]
[Site "Bydgoszcz"]
[Date "2023.09.06"]
[Round "2.2"]
[White "Rakhmangulova, Anastasiya"]
[Black "Wafa, Shahenda"]
[Result "1-0"]
[WhiteElo "2354"]
[BlackElo "2083"]
[PlyCount "92"]
[EventDate "2023.09.06"]
[EventType "team (rapid)"]
[EventRounds "5"]
[EventCountry "POL"]
[SourceTitle "EXT 2024"]
[Source "ChessBase"]
[SourceDate "2023.10.10"]
[SourceVersion "1"]
[SourceVersionDate "2023.10.10"]
[SourceQuality "1"]
[WhiteTeam "Ukraine (W)"]
[BlackTeam "Egypt (W)"]
[WhiteTeamCountry "UKR"]
[BlackTeamCountry "EGY"]

1. e4 c5 2. Nf3 Nc6 3. d4 cxd4 4. Nxd4 Nf6 5. Nc3 e5 6. Ndb5 d6 7. Bg5 a6 8. Na3 b5 9. Nd5 Be7 10. Bxf6 Bxf6 11. c3 Rb8 12. Nc2 0-0 13. h4 Be7 14. g3 Be6 15. Nce3 Qd7 16. a3 Bd8 17. Bg2 Ne7 18. 0-0 Bxd5 19. Nxd5 Qe6 20. Nxe7+ Bxe7 21. Qd2 a5 22. Rfd1 Rfc8 23. Qe2 Qb3 24. Rd2 b4 25. cxb4 axb4 26. a4 Ra8 27. a5 Rc5 28. a6 Ra7 29. Bf1 Qe6 30. Rc2 d5 31. Rxc5 Bxc5 32. Qb5 Qc8 33. Bh3 Qf8 34. exd5 g6 35. Kg2 Bd4 36. Rc1 Kg7 37. Rc8 Qd6 38. Rc6 Qd8 39. d6 Qf6 40. Qe2 Qd8 41. d7 Rxd7 42. Bxd7 Qxd7 43. Qc2 Qd5+ 44. f3 Bxb2 45. a7 b3 46. Qxb2 Qxc6 1-0

[Event "WchT (Women) Pool-A"]
[Site "Bydgoszcz"]
[Date "2023.09.06"]
[Round "1.2"]
[White "Wafa, Shahenda"]
[Black "Kamalidenova, Meruert"]
[Result "0-1"]
[WhiteElo "2083"]
[BlackElo "2351"]
[PlyCount "54"]
[EventDate "2023.09.06"]
[EventType "team (rapid)"]
[EventRounds "5"]
[EventCountry "POL"]
[SourceTitle "EXT 2024"]
[Source "ChessBase"]
[SourceDate "2023.10.10"]
[SourceVersion "1"]
[SourceVersionDate "2023.10.10"]
[SourceQuality "1"]
[WhiteTeam "Egypt (W)"]
[BlackTeam "Kazakhstan (W)"]
[WhiteTeamCountry "EGY"]
[BlackTeamCountry "KAZ"]

1. e4 c5 2. Nf3 d6 3. d4 cxd4 4. Nxd4 Nf6 5. Nc3 a6 6. Bg5 Nbd7 7. f4 Qc7 8. Qf3 b5 9. e5 dxe5 10. Qxa8 exd4 11. Ne2 e6 12. Nxd4 Bb4+ 13. Kd1 0-0 14. Qc6 Qa7 15. c3 Bb7 16. Nxb5 axb5 17. Qxb5 Be7 18. f5 Rd8 19. Kc1 Ne4 20. Bxe7 Qe3+ 21. Kc2 Ndc5 22. Bxc5 Nxc5 23. Rd1 Be4+ 24. Bd3 Nxd3 25. Kb3 Qe2 26. Rxd3 Bxd3 27. Qb6 Qc2+ 0-1

[Event "Olympiad Women-44"]
[Site "Chennai"]
[Date "2022.07.29"]
[Round "1.3"]
[White "Wafa, Shahenda"]
[Black "Bouzana, Christina"]
[Result "1-0"]
[WhiteElo "2115"]
[BlackElo "1079"]
[PlyCount "71"]
[EventDate "2022.07.29"]
[EventType "team-swiss"]
[EventRounds "11"]
[EventCountry "IND"]
[SourceTitle "CBM 210"]
[Source "ChessBase"]
[SourceDate "2022.10.31"]
[SourceVersion "1"]
[SourceVersionDate "2022.10.31"]
[SourceQuality "1"]
[WhiteTeam "Egypt (W)"]
[BlackTeam "Cyprus (W)"]
[WhiteTeamCountry "EGY"]
[BlackTeamCountry "CYP"]

1. e4 c6 2. d4 d5 3. Nc3 dxe4 4. Nxe4 Bf5 5. Ng3 Bg6 6. h4 h6 7. Nf3 Nd7 8. h5 Bh7 9. Bd3 Bxd3 10. Qxd3 e6 11. Bf4 Ngf6 12. 0-0-0 Nd5 13. Bd2 Bd6 14. Ne4 Be7 15. c4 N5f6 16. Bc3 Nb6 17. Ba5 Qc8 18. Ne5 Nbd7 19. Nxf6+ Nxf6 20. f4 Bd6 21. g4 b6 22. Bc3 Qc7 23. Qf3 0-0-0 24. Nxc6 Bxf4+ 25. Kb1 Rd6 26. Nxa7+ Qxa7 27. Qxf4 Rhd8 28. Rc1 Qb7 29. d5 exd5 30. cxd5 Nxd5 31. Be5+ Rc6 32. Qf5+ Rd7 33. Rxc6+ Kd8 34. Rhc1 Ne7 35. Qxf7 Nxc6 36. Qf8# 1-0

[Event "Online Olym Div Top-B"]
[Site "Chess.com INT"]
[Date "2021.09.10"]
[Round "9.3"]
[White "Wafa, Shahenda"]
[Black "Tarasenka, Aliaksandra"]
[Result "0-1"]
[WhiteElo "2120"]
[BlackElo "2124"]
[PlyCount "98"]
[EventDate "2021.09.08"]
[EventType "team (rapid)"]
[EventRounds "9"]
[EventCountry "USA"]
[SourceTitle "CBM 204 Extra"]
[Source "ChessBase"]
[SourceDate "2021.11.30"]
[SourceVersion "1"]
[SourceVersionDate "2021.11.30"]
[SourceQuality "1"]
[WhiteTeam "Egypt"]
[BlackTeam "Belarus"]
[WhiteTeamCountry "EGY"]
[BlackTeamCountry "BLR"]

1. e4 e6 2. d4 d5 3. Nc3 Nf6 4. e5 Nfd7 5. f4 c5 6. Nf3 Nc6 7. Be3 a6 8. Qd2 b5 9. dxc5 Bxc5 10. Bxc5 Nxc5 11. Nd4 Qb6 12. Nxc6 Qxc6 13. a3 0-0 14. 0-0-0 Rb8 15. f5 b4 16. axb4 Rxb4 17. f6 h6 18. fxg7 Kxg7 19. Bd3 d4 20. Qf4 f5 21. exf6+ Rxf6 22. Qg4+ Kf7 23. Rdf1 Nxd3+ 24. cxd3 Rf5 25. Qe4 Qb6 26. Nd1 Qc5+ 27. Kb1 Bb7 28. Qe2 Qa5 29. g4 Rxf1 30. Rxf1+ Ke7 31. Qf2 Ra4 32. Qf8+ Kd7 33. Rf7+ Kc6 34. Qe8+ Kb6 35. Qd8+ Ka7 36. Qxa5 Rxa5 37. Rf6 Re5 38. Rxh6 Re1 39. Kc2 Bf3 40. Nc3 dxc3 41. Kxc3 Bxg4 42. h4 Kb6 43. Rh8 Rh1 44. Kd4 Bf5 45. Kc4 Rc1+ 46. Kb3 Bxd3 47. h5 Bc4+ 48. Kb4 a5+ 49. Ka3 Ra1# 0-1

[Event "Online Olym Div Top-C"]
[Site "Chess.com INT"]
[Date "2020.08.23"]
[Round "9.4"]
[White "Wafa, Shahenda"]
[Black "Mkrtchian, Lilit"]
[Result "0-1"]
[WhiteElo "2139"]
[BlackElo "2388"]
[PlyCount "40"]
[EventDate "2020.08.21"]
[EventType "team-tourn (rapid)"]
[EventRounds "9"]
[EventCountry "USA"]
[SourceTitle "CBM 198"]
[Source "ChessBase"]
[SourceDate "2020.10.31"]
[SourceVersion "1"]
[SourceVersionDate "2020.10.31"]
[SourceQuality "1"]
[WhiteTeam "Egypt"]
[BlackTeam "Armenia"]
[WhiteTeamCountry "EGY"]
[BlackTeamCountry "ARM"]

1. e4 e6 2. d4 d5 3. Nc3 Nf6 4. Bg5 Be7 5. Bxf6 Bxf6 6. Nf3 0-0 7. Bd3 c5 8. e5 Be7 9. dxc5 Bxc5 10. Qe2 Nc6 11. h4 f6 12. exf6 Qxf6 13. 0-0-0 Bb4 14. Nb5 a6 15. Nc7 Qf4+ 16. Kb1 Qxc7 17. Ng5 h6 18. Nxe6 Bxe6 19. Qxe6+ Qf7 20. Qxd5 Qxd5 0-1